All Coke Flavors Ever Made - Statistics

General Stats
  • This quiz has been taken 117 times
  • The average score is 5 of 28
Answer Stats
Answer % Correct
Cherry
93%
Vanilla
77%
Normal/Original/Coca-Cola
56%
Lemon
54%
Lime
54%
Raspberry
43%
Apple
36%
Peach
23%
Cherry Vanilla
22%
Cinnamon
16%
Zero Sugar
15%
Orange Vanilla
12%
Caffeine Free
10%
Life
4%
Clear
3%
Black Cherry Vanilla
2%
Citra
2%
Zero Sugar Vanilla
2%
C2
0%
Caffeine Free Diet
0%
Clear Lime
0%
Diet Black Cherry Vanilla
0%
Diet Coke with Citrus Zest
0%
Diet Coke with Lime
0%
Sango
0%
Zero Sugar Cherry Vanilla
0%
Zero Sugar Cinnamon
0%
Zero Sugar Orange Vanilla
0%
No matching quizzes found
Score Distribution
Percent of People with Each Score
Percentile by Number Answered
Your Score History
You have not taken this quiz